| Поле | Название | Значение |
| |
Тип записи |
a |
| |
Библиографический уровень |
m |
| 001 |
Контрольный номер |
RU/SLIB/B/208710902 |
| 005 |
Дата корректировки |
20231211162329.8 |
| 010 |
Индекс ISBN |
__ |
| d |
Цена |
0-85 |
| 100 |
Данные общей обработки |
__ |
| a |
Данные общей обработки |
20220113d1988 ma y0rusy028902 ca |
| 101 |
Язык документа |
0_ |
| a |
Язык текста |
rus |
| 102 |
Страна публикации |
__ |
| a |
Страна публикации |
RU |
| 105 |
Кодированные данные (монография) |
__ |
| a |
Кодированные данные (монография) |
a z 000yb |
| 181 |
Поле кодированных данных: вид содержания |
_0 |
| a |
Код вида содержания (ISBD) |
i |
| 182 |
Поле кодированных данных: тип средства |
_0 |
| a |
Код типа средства (ISBD) |
n |
| 200 |
Заглавие и сведения об ответственности |
0_ |
| a |
Заглавие |
Сибирь - судьба моя |
| b |
Общее обозначение материала |
Текст |
| 210 |
Выходные данные |
1_ |
| a |
Место издания |
М. |
| c |
Издательство |
Молодая гвардия |
| d |
Дата издания |
1988 |
| 215 |
Физическое описание |
__ |
| a |
Объем |
320 с. |
| c |
Иллюстрации/тип воспроизводства |
ил. |
| 600 |
Персоналии |
_1 |
| a |
Персоналии (Фамилия) |
Глебов |
| 2 |
Код системы |
nlr_sh |
| b |
Персоналии (Имя) |
Н. |
| 600 |
Персоналии |
_1 |
| a |
Персоналии (Фамилия) |
Подшибякин |
| 2 |
Код системы |
nlr_sh |
| b |
Персоналии (Имя) |
В. |
| 600 |
Персоналии |
_1 |
| a |
Персоналии (Фамилия) |
Урусов |
| 2 |
Код системы |
nlr_sh |
| b |
Персоналии (Имя) |
С. |
| 600 |
Персоналии |
_1 |
| a |
Персоналии (Фамилия) |
Назаров |
| 2 |
Код системы |
nlr_sh |
| b |
Персоналии (Имя) |
А. |
| 600 |
Персоналии |
_1 |
| a |
Персоналии (Фамилия) |
Далманов |
| 2 |
Код системы |
nlr_sh |
| b |
Персоналии (Имя) |
Д. |
| 600 |
Персоналии |
_1 |
| a |
Персоналии (Фамилия) |
Кабаев |
| 2 |
Код системы |
nlr_sh |
| b |
Персоналии (Имя) |
Л. |
| 606 |
Тематические рубрики |
__ |
| a |
Основная рубрика |
Экономика |
| z |
Хронологическая подрубрика |
20 в. |
| y |
Географическая подрубрика |
Тюменская область; Западная Сибирь; Россия; Самотлор |
| 2 |
Код системы |
nlr_sh |
| 606 |
Тематические рубрики |
__ |
| a |
Основная рубрика |
Экономика топливной промышленности |
| 2 |
Код системы |
nlr_sh |
| 610 |
Ключевые слова |
0_ |
| a |
Ключевые слова |
газовая промышленность; краеведение; нефтяная промышленность; месторождения |
| 686 |
Индексы других классификаций |
__ |
| 2 |
Код системы |
rubbks |
| a |
Классификационный индекс |
К65.305.143(2Рос-4Тюм); стК65.3 |
| 700 |
Автор |
_1 |
| a |
Фамилия |
Салманов |
| b |
Имя |
Ф. К. |
| 4 |
Код отношения |
070 |
| f |
Даты |
1931-2007 |
| g |
Полное личное имя |
Фарман Курбанович |
| 801 |
Источник записи |
_0 |
| a |
Страна |
RU |
| b |
Организация |
Муниципальное бюджетное учреждение культуры "Централизованная библиотечная система" г. Сургут (Центральная городская библиотека им. А. С. Пушкина) |
| g |
Правила каталогизации |
PSBO |
| c |
Дата составления |
19980316 |
| 801 |
Источник записи |
_1 |
| a |
Страна |
RU |
| b |
Организация |
Муниципальное бюджетное учреждение культуры "Централизованная библиотечная система" г. Сургут (Центральная городская библиотека им. А. С. Пушкина) |
| g |
Правила каталогизации |
PSBO |
| c |
Дата составления |
19980316 |
| 852 |
Данные о местонахождении |
__ |
| j |
Шифр хранения |
К65.305.143(2Рос-4Тюм) |
| c |
Каталожный индекс |
К65.304.13(2Рос-4Тюм) |
| i |
Авторский знак |
С16 |
| p |
Инвентарный номер |
32183; 67522 |
| 901 |
Тип документа |
__ |
| t |
Тип документа |
m |
| a |
Ответственный |
ОБ/Бутенко |
| 901 |
Тип документа |
__ |
| a |
Ответственный |
СКБР2023 |
| 903 |
Характеристики (МАРС) |
__ |
| c |
Наименование библиотеки (МАРС) |
Муниципальное бюджетное учреждение культуры "Централизованная библиотечная система" г. Сургут (Центральная городская библиотека им. А. С. Пушкина) |
| a |
Дата передачи |
19980316 |
| 990 |
Данные о заказе (DOS) |
__ |
| j |
Количество экземпляров (DOS) |
6 |